Segunda parte del análisis de impacto ambiental del plan regional de desarrollo en la gran Area Metropolitana (G.A.M.)
Guardat en:
| Autor principal: | |
|---|---|
| Format: | Llibre |
| Publicat: |
[San José , Costa Rica]
1986
|
| Matèries: | |
| Etiquetes: |
Afegir etiqueta
Sense etiquetes, Sigues el primer a etiquetar aquest registre!
|
MARC
| LEADER | 00000nam a2200000Ia 4500 | ||
|---|---|---|---|
| 003 | 002896 | ||
| 005 | 20221231144401.0 | ||
| 008 | 140114s1986 cr a m 000 ||s d | ||
| 040 | |c cru CEDI | ||
| 090 | |a TFG 1715 | ||
| 100 | |a Merayo Calderón, Antonio |9 14464 | ||
| 245 | |a Segunda parte del análisis de impacto ambiental del plan regional de desarrollo en la gran Area Metropolitana (G.A.M.) | ||
| 260 | |c 1986 |a [San José , Costa Rica] | ||
| 300 | |a vi, 178 hojas : ilustraciones | ||
| 500 | |a Tesis (licenciatura en ingeniería civil)-- Universidad de Costa Rica. Facultad de Ingeniería. Escuela de Ingeniería Civil | ||
| 650 | |x PLANIFICACION REGIONAL - SAN JOSE (COSTA RICA) |x HOMBRES -- INFLUENCIA DEL MEDIO AMBIENTE |x HOMBRES -- INFLUENCIA SOBRE LA NATURALEZA |9 14465 | ||
| 942 | |c TFG |2 ddc | ||
| 999 | |c 21064 |d 21064 | ||
